Casebook on insurance law / (Record no. 552)

MARC details
000 -LEADER
fixed length control field 00927cam a2200289 i 4500
001 - CONTROL NUMBER
control field 381646
003 - CONTROL NUMBER IDENTIFIER
control field OSt
005 - DATE AND TIME OF LATEST TRANSACTION
control field 20110426093233.0
008 - FIXED-LENGTH DATA ELEMENTS--GENERAL INFORMATION
fixed length control field 781026s1977 enk b 001 0 eng
010 ## - LIBRARY OF CONGRESS CONTROL NUMBER
LC control number 78321758
015 ## - NATIONAL BIBLIOGRAPHY NUMBER
National bibliography number GB***
020 ## - INTERNATIONAL STANDARD BOOK NUMBER
International Standard Book Number 0404602638 :
Terms of availability £7.00
040 ## - CATALOGING SOURCE
Original cataloging agency DLC
Transcribing agency DLC
Modifying agency DLC
043 ## - GEOGRAPHIC AREA CODE
Geographic area code e-uk---
050 00 - LIBRARY OF CONGRESS CALL NUMBER
Classification number KD1858
Item number .I793 1977
082 00 - DEWEY DECIMAL CLASSIFICATION NUMBER
Classification number 346.086
100 1# - MAIN ENTRY--PERSONAL NAME
Personal name Ivamy, E. R. Hardy
Fuller form of name (Edward Richard Hardy)
9 (RLIN) 1607
245 10 - TITLE STATEMENT
Title Casebook on insurance law /
Statement of responsibility, etc by E. R. Hardy Ivamy.
250 ## - EDITION STATEMENT
Edition statement 4th ed.
260 ## - PUBLICATION, DISTRIBUTION, ETC. (IMPRINT)
Place of publication, distribution, etc London ;
-- Boston :
Name of publisher, distributor, etc Butterworths,
Date of publication, distribution, etc 1984.
300 ## - PHYSICAL DESCRIPTION
Extent xxx, 277 p. ;
Dimensions 22 cm.
504 ## - BIBLIOGRAPHY, ETC. NOTE
Bibliography, etc Includes bibliographical references and index.
650 #0 - SUBJECT ADDED ENTRY--TOPICAL TERM
Topical term or geographic name as entry element Insurance law
Geographic subdivision Great Britain
General subdivision Cases.
9 (RLIN) 1608
906 ## - LOCAL DATA ELEMENT F, LDF (RLIN)
a 7
b cbc
c orignew
d 2
e ncip
f 19
g y-gencatlg
942 ## - ADDED ENTRY ELEMENTS (KOHA)
Source of classification or shelving scheme Dewey Decimal Classification
Koha item type Books
Holdings
Withdrawn status Lost status Source of classification or shelving scheme Damaged status Not for loan Home library Current library Shelving location Date acquired Total Checkouts Full call number Barcode Date last seen Price effective from Koha item type
    Dewey Decimal Classification     Law Development Centre Main Library Law Development Centre Main Library Text Books and Laws 04/26/2011   346.086IVA 001/1988 04/26/2011 04/26/2011 Books